000 00827nam a22002777a 4500
003 CHAP
005 20220329134805.0
008 971013s r 10010 d
010 _a25965
011 _a26937
035 _a31038
040 _cCHAP
082 _a630.63
_bC65 1971
111 0 0 _aConferencia Interamericana de Agricultura
_n(6
_d: 1971
_c: Lima)
_926468
245 _a(Informe)
260 _aSan José,
_c(s.a.)
300 _a77 p.
490 _aSerie documentos oficiales
_v; 5
590 _aBATCH-UPD
_b10
_c20130110
_lUCH01
_h1009
590 _aCONVERSION
_b10
_c20130109
_lUCH01
_h1315
650 1 4 _aAgricultura
_xCongresos.
_91373
830 0 _aSerie documentos oficiales
_v; 5
_9104829
901 _aBK
942 _cLIBRO
949 _a630.63 C65 1971
_bBC
_cLIBRO
_d33724000031480
_eLIBRO
_h34004
_i31038
_mD
_si
999 _c25965
_d25965